| 000 | 01014cam a2200289 a 4500 | ||
|---|---|---|---|
| 999 |
_c21842 _d21842 |
||
| 001 | 3869848 | ||
| 003 | ARRUPE | ||
| 005 | 20170503112755.0 | ||
| 008 | 890113s1988 rh af b 001 0beng | ||
| 010 | _a 88980960 | ||
| 020 | _a0949225592 | ||
| 040 |
_aDLC _cDLC _dDLC |
||
| 043 | _af-mz--- | ||
| 050 | 0 | 0 |
_aDT463.8.M33 _bC47 1988 |
| 082 | 0 | 0 |
_a967.905/092 _aB _220 |
| 100 | 1 |
_aChristie, Iain. _930357 |
|
| 245 | 1 | 0 |
_aMachel of Mozambique / _cIain Christie. |
| 260 |
_aHarare, Zimbabwe : _bZimbabwe Pub. House, _c1988. |
||
| 300 |
_axiii, 181 p., [16] p. of plates : _bill. ; _c21 cm. |
||
| 504 | _aIncludes bibliographies and index. | ||
| 600 | 1 | 0 |
_aMachel, Samora, _d1933-1986. _930358 |
| 650 | 0 |
_aPresidents _zMozambique _vBiography. _930359 |
|
| 651 | 0 |
_aMozambique _xPolitics and government _y1975-1994. _913119 |
|
| 906 |
_a7 _bcbc _corignew _d3 _encip _f19 _gy-gencatlg |
||
| 942 |
_2lcc _cMONOGRAPH |
||